The Cambridge CAE course self- study student's book

محفوظ في:
التفاصيل البيبلوغرافية
المؤلف الرئيسي: Mary Spratt
التنسيق: كتاب
اللغة:Undetermined
منشور في: Cambridge, UK Cambridge Univeristy Press 2000
الموضوعات:
الوسوم: إضافة وسم
لا توجد وسوم, كن أول من يضع وسما على هذه التسجيلة!
Thư viện lưu trữ: Trung tâm Học liệu Trường Đại học Cần Thơ
LEADER 00507nam a2200169Ia 4500
001 CTU_52178
008 210402s9999 xx 000 0 und d
020 |b 280000 
082 |a 428.24 
082 |b S768 
100 |a Mary Spratt 
245 4 |a The Cambridge CAE course self- study student's book 
260 |a Cambridge, UK 
260 |b Cambridge Univeristy Press 
260 |c 2000 
650 |a english language - textbooks for foreign speakers 
980 |a Trung tâm Học liệu Trường Đại học Cần Thơ